उत्तराखण्डी भाषाओं का तुलनात्मक अध्ययन : (Record no. 203863)

MARC details
000 -LEADER
fixed length control field 00851nam a22001817a 4500
005 - DATE AND TIME OF LATEST TRANSACTION
control field 20240730121719.0
010 ## - LCCN (DPL NO)
LC control number HIN-127887
020 ## - INTERNATIONAL STANDARD BOOK NUMBER
Terms of availability 325.00
International Standard Book Number 9789353516260
035 ## - SYSTEM CONTROL NUMBER
System control number HN-100233
037 ## - SOURCE OF ACQUISITION
Source of stock number/acquisition DBAD
082 ## - DEWEY DECIMAL CLASSIFICATION NUMBER
Classification number 470.95413
100 ## - MAIN ENTRY--PERSONAL NAME
Personal name जलंधरी, बिहारीलाल
245 ## - TITLE STATEMENT
Title उत्तराखण्डी भाषाओं का तुलनात्मक अध्ययन :
Remainder of title गढ़वाली कुमाउनी पर केन्द्रित/
Statement of responsibility, etc बिहारीलाल जलंधरी
260 ## - PUBLICATION, DISTRIBUTION, ETC. (IMPRINT)
Place of publication, distribution, etc दिल्ली
Name of publisher, distributor, etc मयंक ऑफसेट
Date of publication, distribution, etc 2012
270 ## - ADDRESS
Address डी-234/10, लक्ष्मीनगर
City दिल्ली
Postal code 110092
300 ## - PHYSICAL DESCRIPTION
Extent 184पृ.
Dimensions 22 सेमी. (सजिल्द)
942 ## - ADDED ENTRY ELEMENTS (KOHA)
Source of classification or shelving scheme Dewey Decimal Classification
Item type Hindi Books
Classification part 470.95413
Call number suffix जलंध
Holdings
Withdrawn status Lost status Not for loan Collection code Home library Current library Date acquired Source of acquisition Cost, normal purchase price Full call number Barcode Copy number Cost, replacement price Koha item type
      Non-fiction New Police Line New Police Line 02/07/2024 DBAD 325.00 470.95413 जलंध HN-100233 1 325.00 Hindi Books

© Delhi Public Library
Hit Counter
free hit counter